The church leader's handbook : (Record no. 19973)

MARC details
000 -LEADER
fixed length control field 00946cam a2200253 a 4500
001 - CONTROL NUMBER
control field 15598320
003 - CONTROL NUMBER IDENTIFIER
control field OSt
005 - DATE AND TIME OF LATEST TRANSACTION
control field 20230208153148.0
008 - FIXED-LENGTH DATA ELEMENTS--GENERAL INFORMATION
fixed length control field 090126s2009 miu b 000 0 eng
010 ## - LIBRARY OF CONGRESS CONTROL NUMBER
LC control number 2009002842
020 ## - INTERNATIONAL STANDARD BOOK NUMBER
International Standard Book Number 9780825424298
040 ## - CATALOGING SOURCE
Original cataloging agency DLC
Transcribing agency DLC
Modifying agency DLC
050 00 - LIBRARY OF CONGRESS CALL NUMBER
Classification number BV4012.2
Item number .C88 2009
100 1# - MAIN ENTRY--PERSONAL NAME
Personal name Cutrer, William,
Dates associated with a name 1951-
245 14 - TITLE STATEMENT
Title The church leader's handbook :
Remainder of title a guide to counseling families and individuals in crisis /
Statement of responsibility, etc. William Cutrer.
260 ## - PUBLICATION, DISTRIBUTION, ETC. (IMPRINT)
Place of publication, distribution, etc. Grand Rapids, MI :
Name of publisher, distributor, etc. Kregel Publications,
Date of publication, distribution, etc. 2009.
300 ## - PHYSICAL DESCRIPTION
Extent 171 p. ;
Dimensions 22 cm.
504 ## - BIBLIOGRAPHY, ETC. NOTE
Bibliography, etc Includes bibliographical references.
650 #0 - SUBJECT ADDED ENTRY--TOPICAL TERM
Topical term or geographic name as entry element Pastoral counseling.
650 #0 - SUBJECT ADDED ENTRY--TOPICAL TERM
Topical term or geographic name as entry element Crisis intervention (Mental health services)
906 ## - LOCAL DATA ELEMENT F, LDF (RLIN)
a 7
b cbc
c orignew
d 1
e ecip
f 20
g y-gencatlg
942 ## - ADDED ENTRY ELEMENTS (KOHA)
Source of classification or shelving scheme Library of Congress Classification
Koha item type General Collection
Holdings
Withdrawn status Lost status Source of classification or shelving scheme Not for loan Home library Current library Date acquired Cost, normal purchase price Total Checkouts Full call number Barcode Date last seen Price effective from Koha item type
    Library of Congress Classification   Kabarak, Main Campus Kabarak, Main Campus 08/02/2023 6261.00   BV4012.2 .C88 2009 c.1 35008 08/02/2023 08/02/2023 General Collection
Designed with assistance from East African Informatics Ltd